| 000 | 00891nas a2200265 4500 | ||
|---|---|---|---|
| 001 | BR8105634 | ||
| 003 | BR-BrBNA | ||
| 005 | 20231205084845.0 | ||
| 007 | ta | ||
| 008 | 230509b bl.|||p| |||| 00| 00por d | ||
| 040 |
_aBR-BrBNA _bpor _cBiblioteca Nacional de Agricultura |
||
| 041 | _a(Pt) | ||
| 072 | _aH10 | ||
| 100 | 1 | _aOsuna, J.A. | |
| 100 | 1 | _aLara, F.M. | |
| 100 | 1 | _aFavrin, L.J.B. | |
| 100 | 1 | _aCampos, M.S. de O. | |
| 245 | 1 | _aAvaliacao e selecao de progenies S1 do composto flint de milho, visando a resistencia ao ataque de Heliothis zea (Boddie, 1850)(Lepidoptera, Noctuidae)[lagarta, Zea mays] | |
| 650 | _aMILHO | ||
| 650 | _aLAGARTA | ||
| 650 | _aVARIEDADE RESISTENTE | ||
| 773 | 0 |
_tAnais da Sociedade Entomologica do Brasil (Brazil) _xISSN 0301-8059 _g(1981), v. 10(2) p. 239-254 _wBR8105634 |
|
| 909 |
_a202311 _bLúcia _c55 _dLúcia Elande |
||
| 942 |
_2AGRIS _n0 _cANA |
||
| 999 |
_c107716 _d107716 |
||